000 01528nab a2200229 i 4500
001 768714001
003 CO-MdFUSB
005 20240618113505.0
008 240618t1988 us ||||| |||| 00| 0 eng d
040 _bspa.
_cCO-MdFUSB
_dCO-MdFUSB
100 _aMusk, Bill A.,
_eautor
245 _aDreams and the ordinary muslim
_c/ Bill A. Musk
520 _aLa realidad es vista de maneras muy diferentes por personas de diferentes orígenes culturales. Los musulmanes comunes y corrientes viven en un mundo en el que “seres” y “poderes” transempíricos inciden en sus vidas cotidianas. En ese proceso, el papel de los sueños es significativo. Este artículo examina las formas en que funcionan los sueños entre los musulmanes comunes y corrientes. A un resumen del significado de los sueños en la Biblia le sigue un análisis del papel que los sueños han desempeñado en los procesos de conversión de quienes vienen a Cristo desde un entorno musulmán. Finalmente, se extraen algunas conclusiones para el testimonio contemporáneo entre los musulmanes comunes y corrientes.
546 _aTexto en inglés.
650 0 _aCristianismo y otras religiones
_91247
650 7 _aAntropología cultural y social
_96714
650 7 _aHermenéutica bíblica
_97333
650 7 _aPsicoanálisis y religión
_97187
773 0 _049486
_982776
_d Pasadena
_oR2651
_tMissiology:
_w(CO-MdFUSB)97
_gVolumen 16, (número 2, 1988) páginas: 163 - 172
_qpágina: 163
942 _cANA
945 _aCatherine Arias Álvarez - Practicante SENA
999 _c70247
_d70247